000
00224nam a22000977a 4500
082
_a
320 KAR'L
245
_a
KARL MARX AND FREDERICK ENGLES SELECTED WORKS
260
_a
MOSCOW
_b
PROGRESS
_c
1968
300
_a
800P
942
_c
BK
999
_c
584485
_d
584485